000 00534nam a2200181Ia 4500
005 20250326124622.0
008 250326s9999 xx 000 0 und d
037 _aTextbook
040 _aFMSL
_beng
_cFMSL
041 _aeng
_2eng
084 _aX:8ogB28 L82
_qFMSL
100 _aGordon G
_9640216
245 0 _aQuantitative decision-making for business
_cGordon G; Pressman I
260 _aNew Jersey
_bNew Jersey, Prentice-Hall
_c1978
300 _a546p
942 _cTB
_hX:8ogB28 L82
999 _c1274424
_d1274424